[Event "Tancat Societat Coral Colon 2010"]
[Site "Sabadell ESP"]
[Date "2010.12.14"]
[Round "1.1"]
[White "Alonso Rosell, Alvar"]
[Black "Peralta, Fernando"]
[Result "1/2-1/2"]
[WhiteElo "2491"]
[BlackElo "2595"]
[PlyCount "160"]
[EventDate "2010.12.14"]
[EventType "tourn"]
[EventRounds "9"]
[EventCountry "ESP"]
[EventCategory "9"]
[Source "lmi"]
[SourceDate "2010.12.14"]

1. d4 d5 2. c4 c6 3. Nf3 Nf6 4. Nc3 dxc4 5. a4 Bf5 6. Nh4 Bg4 7. h3 Bh5 8. g4
Bg6 9. Nxg6 hxg6 10. e3 e6 11. Bxc4 Bb4 12. Bd2 Nbd7 13. Bf1 e5 14. Bg2 exd4
15. exd4 O-O 16. O-O Nb6 17. Bg5 a5 18. Qd3 Qd6 19. Rfd1 Rfe8 20. Bh4 Qe6 21.
Bg3 Bd6 22. Rd2 Bxg3 23. Qxg3 Nc4 24. Re2 Qd7 25. b3 Rxe2 26. Nxe2 Nb6 27. Rd1
Re8 28. Qd3 Nfd5 29. Bf3 Qd6 30. Qd2 Qf6 31. Kg2 Nb4 32. Nc3 N6d5 33. Nxd5 cxd5
34. Rc1 g5 35. Rc3 g6 36. Re3 Rxe3 37. Qxe3 Kg7 38. Qd2 b6 39. Qe3 Nc2 40. Qc3
Nb4 41. Qe3 Kf8 42. Qd2 Qe7 43. Qc3 Kg7 44. Qd2 Kf6 45. Qc3 Qd6 46. Qd2 Nc6 47.
Qe3 Nd8 48. h4 gxh4 49. Qh6 Ne6 50. Qxh4+ g5 51. Qh6+ Ke7 52. Qh8 Nf4+ 53. Kg1
Qf6 54. Qxf6+ Kxf6 55. Kf1 Ke6 56. Ke1 Nd3+ 57. Ke2 Nc1+ 58. Kd2 Nxb3+ 59. Kc3
Nc1 60. Kd2 Na2 61. Be2 Nb4 62. Bb5 Kd6 63. f3 Nc6 64. Ke3 f6 65. Kd3 Nd8 66.
Kd2 Ne6 67. Ke3 Nc7 68. Kd3 f5 69. Ke3 fxg4 70. fxg4 Ne6 71. Bd3 Nf8 72. Bb5
Nd7 73. Bd3 Nf6 74. Kf3 Kc6 75. Bb5+ Kc7 76. Bd3 Kd6 77. Bb5 Ne4 78. Ke3 Ke6
79. Bc6 Nd6 80. Bb5 Nxb5 1/2-1/2

[Event "Tancat Societat Coral Colon 2010"]
[Site "Sabadell ESP"]
[Date "2010.12.14"]
[Round "1.2"]
[White "Gonzalez, Raul Omar"]
[Black "Jerez Perez, Alfonso"]
[Result "1/2-1/2"]
[WhiteElo "2279"]
[BlackElo "2418"]
[PlyCount "122"]
[EventDate "2010.12.14"]
[EventType "tourn"]
[EventRounds "9"]
[EventCountry "ESP"]
[EventCategory "9"]
[Source "lmi"]
[SourceDate "2010.12.14"]

1. d4 Nf6 2. Bg5 e6 3. e3 Be7 4. Nd2 b6 5. Qf3 d5 6. Bd3 Bb7 7. Ne2 Nbd7 8. Ng3
h6 9. Bxf6 Nxf6 10. Nh5 g6 11. Nxf6+ Bxf6 12. c3 e5 13. dxe5 Bxe5 14. Qe2 Qe7
15. Nf3 Bg7 16. Ba6 Bxa6 17. Qxa6 O-O 18. O-O c6 19. Qa4 Rac8 20. Rad1 Rfe8 21.
Rfe1 a5 22. Qc2 b5 23. Nd4 b4 24. c4 Qc5 25. Nb3 Qxc4 26. Qxc4 dxc4 27. Nxa5 c3
28. bxc3 Bxc3 29. Re2 c5 30. Nc4 Re4 31. Nb6 Rc6 32. f3 Re8 33. Nd5 Be5 34. Rc2
Ree6 35. Rdc1 Ra6 36. Rxc5 Rxa2 37. Nxb4 Rd2 38. R5c2 Red6 39. f4 Bf6 40. Rxd2
Rxd2 41. Rc2 Rd1+ 42. Kf2 h5 43. Kf3 Kg7 44. Nc6 Bd8 45. Ke2 Rd6 46. e4 Bb6 47.
e5 Rd7 48. g3 Bg1 49. Kf3 Bb6 50. h3 Rd3+ 51. Kg2 Rb3 52. f5 gxf5 53. Ne7 f4
54. gxf4 Be3 55. Rc4 Bd2 56. f5 Re3 57. f6+ Kh7 58. Rc5 Re2+ 59. Kf3 Re3+ 60.
Kg2 Re2+ 61. Kf3 Re3+ 1/2-1/2

[Event "Tancat Societat Coral Colon 2010"]
[Site "Sabadell ESP"]
[Date "2010.12.14"]
[Round "1.3"]
[White "Panelo, Marcelo"]
[Black "Moskalenko, Viktor"]
[Result "1/2-1/2"]
[WhiteElo "2432"]
[BlackElo "2587"]
[PlyCount "43"]
[EventDate "2010.12.14"]
[EventType "tourn"]
[EventRounds "9"]
[EventCountry "ESP"]
[EventCategory "9"]
[Source "lmi"]
[SourceDate "2010.12.14"]

1. d4 e6 2. c4 f5 3. Nf3 Nf6 4. e3 d5 5. Bd3 c6 6. O-O Bd6 7. b3 Qe7 8. Bb2 O-O
9. Qc1 Ne4 10. Ba3 Nd7 11. Bxd6 Nxd6 12. Nc3 dxc4 13. bxc4 e5 14. c5 Ne8 15.
Qc2 e4 16. Bc4+ Kh8 17. Nd2 Ndf6 18. Rab1 Nc7 19. Rfe1 Rb8 20. f3 exf3 21. Nxf3
Be6 22. Bd3 1/2-1/2

[Event "Tancat Societat Coral Colon 2010"]
[Site "Sabadell ESP"]
[Date "2010.12.14"]
[Round "1.4"]
[White "Mestre Bellido, Hector"]
[Black "Aloma Vidal, Robert"]
[Result "1/2-1/2"]
[WhiteElo "2397"]
[BlackElo "2435"]
[PlyCount "118"]
[EventDate "2010.12.14"]
[EventType "tourn"]
[EventRounds "9"]
[EventCountry "ESP"]
[EventCategory "9"]
[Source "lmi"]
[SourceDate "2010.12.14"]

1. e4 c5 2. Nf3 d6 3. d4 cxd4 4. Nxd4 Nf6 5. Nc3 Nc6 6. Bg5 e6 7. Qd2 Be7 8.
Bxf6 Bxf6 9. Ndb5 O-O 10. Nxd6 Qa5 11. Nc4 Qc5 12. Qd6 Qxd6 13. Nxd6 Rd8 14.
Nc4 Bxc3+ 15. bxc3 e5 16. Ne3 Be6 17. Bc4 Bxc4 18. Nxc4 Rac8 19. Ne3 Na5 20.
Nd5 Rc4 21. f3 Kf8 22. O-O-O Rdc8 23. Rd3 Ra4 24. Kb1 Rc5 25. Ka1 Nc6 26. Rb1
b6 27. Rb2 h5 28. Nb4 Ra3 29. Nd5 g6 30. Rb3 Ra4 31. Kb1 Kg7 32. Ne3 Rca5 33.
Rb2 Rc5 34. Nd5 Rac4 35. Rb3 Ra5 36. Nb4 Rac5 37. Nxc6 Rxc6 38. Kb2 a5 39. Rb5
f6 40. Kb3 a4+ 41. Kb2 Kh6 42. Rb4 Kg5 43. Rxc4 Rxc4 44. Rd6 b5 45. Rd5 Kf4 46.
Rxb5 Rc6 47. Rd5 Ke3 48. c4 Rxc4 49. Rd6 Kf2 50. Rxf6 Kxg2 51. Rxg6+ Kxf3 52.
Rg5 h4 53. Rxe5 Kg2 54. Rg5+ Kxh2 55. e5 h3 56. e6 Re4 57. Ka3 Rxe6 58. Kxa4
Re2 59. Kb3 Rg2 1/2-1/2

[Event "Tancat Societat Coral Colon 2010"]
[Site "Sabadell ESP"]
[Date "2010.12.14"]
[Round "1.5"]
[White "Vila Gazquez, Xavier"]
[Black "Gonzalez Garcia, Jose"]
[Result "1/2-1/2"]
[WhiteElo "2469"]
[BlackElo "2521"]
[PlyCount "64"]
[EventDate "2010.12.14"]
[EventType "tourn"]
[EventRounds "9"]
[EventCountry "ESP"]
[EventCategory "9"]
[Source "lmi"]
[SourceDate "2010.12.14"]

1. e4 e5 2. Nf3 Nc6 3. Bb5 a6 4. Ba4 Nf6 5. O-O Be7 6. d3 b5 7. Bb3 d6 8. a4
Bg4 9. Be3 O-O 10. h3 Be6 11. Bxe6 fxe6 12. c3 Qd7 13. Qb3 h6 14. Nbd2 d5 15.
Rfd1 Kh8 16. Nf1 Bd6 17. Ng3 Na5 18. Qc2 dxe4 19. dxe4 Nc4 20. Bc1 Qe8 21. a5
Bc5 22. b3 Nd6 23. Ba3 Bxa3 24. Rxa3 Nh5 25. Re1 Nxg3 26. fxg3 Qe7 27. Ra2 Nf7
28. Qf2 Ng5 29. Qe3 Nxf3+ 30. gxf3 Rad8 31. Kf2 c5 32. Ree2 Qc7 1/2-1/2

[Event "Tancat Societat Coral Colon 2010"]
[Site "Sabadell ESP"]
[Date "2010.12.15"]
[Round "2.1"]
[White "Peralta, Fernando"]
[Black "Gonzalez Garcia, Jose"]
[Result "1-0"]
[WhiteElo "2595"]
[BlackElo "2521"]
[PlyCount "69"]
[EventDate "2010.12.14"]
[EventType "tourn"]
[EventRounds "9"]
[EventCountry "ESP"]
[EventCategory "9"]
[Source "lmi"]
[SourceDate "2010.12.14"]

1. d4 Nf6 2. c4 e6 3. Nc3 Bb4 4. e3 b6 5. Bd3 Bb7 6. Nf3 O-O 7. O-O d5 8. cxd5
exd5 9. Ne5 Bd6 10. f4 c5 11. Qf3 Nc6 12. Qh3 g6 13. Kh1 a6 14. Bd2 cxd4 15.
Nxc6 Bxc6 16. exd4 Ne4 17. Bxe4 dxe4 18. f5 Re8 19. fxg6 hxg6 20. Rxf7 Kxf7 21.
Qh7+ Ke6 22. Qh3+ Kf7 23. Qh7+ Ke6 24. d5+ Bxd5 25. Qh3+ Kf7 26. Qh7+ Ke6 27.
Qh3+ Kf7 28. Nxd5 Be5 29. Qh7+ Ke6 30. Qxg6+ Kxd5 31. Rd1 Bd4 32. Be3 Kc5 33.
b4+ Kb5 34. Rxd4 Qc7 35. Qh5+ 1-0

[Event "Tancat Societat Coral Colon 2010"]
[Site "Sabadell ESP"]
[Date "2010.12.15"]
[Round "2.2"]
[White "Aloma Vidal, Robert"]
[Black "Vila Gazquez, Xavier"]
[Result "0-1"]
[WhiteElo "2435"]
[BlackElo "2469"]
[PlyCount "170"]
[EventDate "2010.12.14"]
[EventType "tourn"]
[EventRounds "9"]
[EventCountry "ESP"]
[EventCategory "9"]
[Source "lmi"]
[SourceDate "2010.12.14"]

1. d4 Nf6 2. c4 g6 3. g3 Bg7 4. Bg2 d5 5. Nf3 O-O 6. cxd5 Nxd5 7. O-O Nb6 8.
Nc3 Nc6 9. d5 Na5 10. Qc2 c6 11. dxc6 Nxc6 12. Rd1 Bd7 13. Be3 Rc8 14. Bxb6
axb6 15. Rd2 Qe8 16. Rad1 Bf5 17. e4 Be6 18. Ng5 Bc4 19. Rd7 h6 20. Nf3 Na5 21.
Qb1 Bxc3 22. bxc3 Be2 23. R1d5 e6 24. Rd4 Nc6 25. Rxb7 Bxf3 26. Bxf3 Nxd4 27.
cxd4 Qa4 28. d5 Qa3 29. Kg2 Rc1 30. Qxb6 Qd3 31. Qb5 Qxb5 32. Rxb5 exd5 33.
exd5 Ra8 34. d6 Rd8 35. Rb6 Rc4 36. Ra6 Rd4 37. a4 R4xd6 38. Rxd6 Rxd6 39. h4
Rd3 40. Bb7 Ra3 41. Bc6 Kg7 42. Kg1 Kf6 43. Kg2 Ke5 44. Be8 Ke6 45. Kg1 g5 46.
hxg5 hxg5 47. Kg2 f6 48. Bc6 Ke5 49. Bd7 Rc3 50. Bb5 Kd4 51. Kh3 Rb3 52. Kg2
Kc3 53. Kh3 Rb4 54. Bc6 Rb2 55. f4 gxf4 56. gxf4 Kd4 57. Kg4 Kc5 58. Bb5 Kd6
59. Kf5 Ke7 60. Ke4 Rb4+ 61. Kf5 Rd4 62. Bc6 Rc4 63. Bb5 Rd4 64. Bc6 Rc4 65.
Bb5 Rc5+ 66. Kg6 Ke6 67. Be8 Rc7 68. Bb5 Rc3 69. f5+ Ke5 70. Bd7 Rd3 71. Bc8
Rd8 72. Be6 Rd4 73. Bb3 Rg4+ 74. Kf7 Rb4 75. Bc2 Rb2 76. Bd3 Ra2 77. Bb5 Kxf5
78. Ke7 Ke5 79. Kd7 Kd5 80. Kc7 Kc5 81. Bd7 Rd2 82. Bc6 Rh2 83. Bd7 Rh7 84. a5
f5 85. a6 Rxd7+ 0-1

[Event "Tancat Societat Coral Colon 2010"]
[Site "Sabadell ESP"]
[Date "2010.12.15"]
[Round "2.3"]
[White "Moskalenko, Viktor"]
[Black "Mestre Bellido, Hector"]
[Result "1-0"]
[WhiteElo "2587"]
[BlackElo "2397"]
[PlyCount "75"]
[EventDate "2010.12.14"]
[EventType "tourn"]
[EventRounds "9"]
[EventCountry "ESP"]
[EventCategory "9"]
[Source "lmi"]
[SourceDate "2010.12.14"]

1. c4 e5 2. Nc3 Nc6 3. g3 g6 4. Bg2 Bg7 5. e4 d6 6. Nge2 f5 7. d3 Nf6 8. O-O
O-O 9. Nd5 Ne7 10. Nxf6+ Bxf6 11. Bh6 Re8 12. Qd2 c6 13. Nc3 Be6 14. Bg5 Bg7
15. b4 Rf8 16. exf5 Bxf5 17. b5 Rc8 18. bxc6 bxc6 19. Rab1 Qd7 20. Rb3 Rc7 21.
Rfb1 Nc8 22. a4 Bh3 23. Bxh3 Qxh3 24. Rb7 Rcf7 25. Rxf7 Rxf7 26. Rb8 Bf8 27. a5
Ne7 28. Bxe7 Rxe7 29. Ne4 Qe6 30. Qh6 Rg7 31. Qg5 Rf7 32. Qd8 Qf5 33. Qxd6 Kg7
34. Qxc6 Qf3 35. h4 Qd1+ 36. Kh2 Qxd3 37. Rb7 h6 38. Qf6+ 1-0

[Event "Tancat Societat Coral Colon 2010"]
[Site "Sabadell ESP"]
[Date "2010.12.15"]
[Round "2.4"]
[White "Jerez Perez, Alfonso"]
[Black "Panelo, Marcelo"]
[Result "1/2-1/2"]
[WhiteElo "2418"]
[BlackElo "2432"]
[PlyCount "47"]
[EventDate "2010.12.14"]
[EventType "tourn"]
[EventRounds "9"]
[EventCountry "ESP"]
[EventCategory "9"]
[Source "lmi"]
[SourceDate "2010.12.14"]

1. e4 c5 2. c3 Nf6 3. e5 Nd5 4. Nf3 e6 5. d4 cxd4 6. cxd4 b6 7. Nc3 Nxc3 8.
bxc3 Qc7 9. Bd2 Bb7 10. Bd3 d6 11. O-O Nd7 12. Bf4 dxe5 13. Nxe5 Nxe5 14. Bxe5
Bd6 15. Bb5+ Bc6 16. Qf3 Rc8 17. Bxc6+ Qxc6 18. d5 Qc7 19. Bxg7 Rg8 20. Bd4
Bxh2+ 21. Kh1 Bd6 22. dxe6 fxe6 23. Rfe1 Qf7 24. Qxf7+ 1/2-1/2

[Event "Tancat Societat Coral Colon 2010"]
[Site "Sabadell ESP"]
[Date "2010.12.15"]
[Round "2.5"]
[White "Alonso Rosell, Alvar"]
[Black "Gonzalez, Raul Omar"]
[Result "1-0"]
[WhiteElo "2491"]
[BlackElo "2279"]
[PlyCount "65"]
[EventDate "2010.12.14"]
[EventType "tourn"]
[EventRounds "9"]
[EventCountry "ESP"]
[EventCategory "9"]
[Source "lmi"]
[SourceDate "2010.12.14"]

1. d4 Nf6 2. c4 c5 3. d5 g6 4. Nc3 d6 5. e4 Bg7 6. h3 b5 7. cxb5 a6 8. Nf3 Nbd7
9. a4 O-O 10. Rb1 Ne8 11. Bd3 Nc7 12. O-O axb5 13. axb5 Nb6 14. Bg5 Bd7 15. Qd2
c4 16. Bc2 Nxb5 17. Bh6 Nxc3 18. bxc3 Na4 19. Bxg7 Kxg7 20. Bxa4 Rxa4 21. Rb7
Bc8 22. Qd4+ Kg8 23. Rb8 Qc7 24. Rfb1 f6 25. Qe3 Ra1 26. Rxa1 Qxb8 27. Nd2 Qb5
28. Ra7 Re8 29. Rc7 f5 30. Kh2 fxe4 31. Nxe4 Bb7 32. Nf6+ exf6 33. Qh6 1-0

[Event "Tancat Societat Coral Colon 2010"]
[Site "Sabadell ESP"]
[Date "2010.12.16"]
[Round "3.1"]
[White "Gonzalez, Raul Omar"]
[Black "Peralta, Fernando"]
[Result "0-1"]
[WhiteElo "2279"]
[BlackElo "2595"]
[PlyCount "54"]
[EventDate "2010.12.14"]
[EventType "tourn"]
[EventRounds "9"]
[EventCountry "ESP"]
[EventCategory "9"]
[Source "lmi"]
[SourceDate "2010.12.14"]

1. d4 d5 2. e3 Nf6 3. Bd3 Nc6 4. Nf3 Bg4 5. h3 Bxf3 6. gxf3 e5 7. c3 Bd6 8. Nd2
O-O 9. Nf1 Re8 10. Be2 exd4 11. cxd4 Ne7 12. Bd2 c5 13. dxc5 Bxc5 14. Bc3 Nc6
15. Qa4 d4 16. O-O-O Qc7 17. Bd2 Nd5 18. Qc4 Ne5 19. Qxd5 Rad8 20. Qb3 d3 21.
Re1 dxe2 22. Rxe2 Qc6 23. e4 Qa6 24. Ng3 Bxf2 25. f4 Bxg3 26. Rg2 Qc6+ 27. Qc2
Bxf4 0-1

[Event "Tancat Societat Coral Colon 2010"]
[Site "Sabadell ESP"]
[Date "2010.12.16"]
[Round "3.3"]
[White "Mestre Bellido, Hector"]
[Black "Jerez Perez, Alfonso"]
[Result "1/2-1/2"]
[WhiteElo "2397"]
[BlackElo "2418"]
[PlyCount "35"]
[EventDate "2010.12.14"]
[EventType "tourn"]
[EventRounds "9"]
[EventCountry "ESP"]
[EventCategory "9"]
[Source "lmi"]
[SourceDate "2010.12.14"]

1. e4 c6 2. d4 d5 3. Nc3 dxe4 4. Nxe4 Bf5 5. Ng3 Bg6 6. Nf3 Nd7 7. Nh4 e6 8.
Nxg6 hxg6 9. Bc4 Ngf6 10. Bb3 Bd6 11. Qf3 Qc7 12. Ne4 Nxe4 13. Qxe4 Nf6 14. Qf3
Rh5 15. Bd2 O-O-O 16. O-O-O Rf5 17. Qe2 Bf4 18. c3 1/2-1/2

[Event "Tancat Societat Coral Colon 2010"]
[Site "Sabadell ESP"]
[Date "2010.12.16"]
[Round "3.4"]
[White "Vila Gazquez, Xavier"]
[Black "Moskalenko, Viktor"]
[Result "1/2-1/2"]
[WhiteElo "2469"]
[BlackElo "2587"]
[PlyCount "65"]
[EventDate "2010.12.14"]
[EventType "tourn"]
[EventRounds "9"]
[EventCountry "ESP"]
[EventCategory "9"]
[Source "lmi"]
[SourceDate "2010.12.14"]

1. d4 e6 2. c4 d5 3. Nf3 c6 4. Nc3 f5 5. Bf4 Nf6 6. e3 Bd6 7. Bd3 O-O 8. Qc2
Ne4 9. O-O Qe7 10. Ne2 Nd7 11. c5 Bb8 12. Bxb8 Rxb8 13. b4 e5 14. Rab1 Nxf2 15.
Bxf5 e4 16. Bxh7+ Kxh7 17. Rxf2 Kg8 18. Nd2 Rxf2 19. Kxf2 b6 20. cxb6 Rxb6 21.
b5 Bb7 22. a4 cxb5 23. axb5 a6 24. bxa6 Bxa6 25. Rxb6 Nxb6 26. Qc6 Bxe2 27.
Qxb6 Bd3 28. Qb8+ Kh7 29. Qf4 Qb4 30. Ke1 Qc3 31. Qh4+ Kg8 32. Qh5 Bc4 33. Qe8+
1/2-1/2

[Event "Tancat Societat Coral Colon 2010"]
[Site "Sabadell ESP"]
[Date "2010.12.16"]
[Round "3.5"]
[White "Gonzalez Garcia, Jose"]
[Black "Aloma Vidal, Robert"]
[Result "1/2-1/2"]
[WhiteElo "2521"]
[BlackElo "2435"]
[PlyCount "79"]
[EventDate "2010.12.14"]
[EventType "tourn"]
[EventRounds "9"]
[EventCountry "ESP"]
[EventCategory "9"]
[Source "lmi"]
[SourceDate "2010.12.14"]

1. d4 Nf6 2. c4 g6 3. Nc3 Bg7 4. e4 d6 5. Be2 O-O 6. Nf3 e5 7. O-O Nc6 8. d5
Ne7 9. Be3 Ng4 10. Bd2 f5 11. Ng5 Nf6 12. f3 Nh5 13. c5 Nf4 14. Bc4 Bh6 15. Ne6
Bxe6 16. dxe6 dxc5 17. Kh1 Qd4 18. Bxf4 exf4 19. Qb3 fxe4 20. Rad1 Qe5 21. Nxe4
Rab8 22. Rd7 Rfe8 23. Qc3 Bg7 24. Qxe5 Bxe5 25. Nxc5 Bxb2 26. Rb1 Be5 27. Rxb7
Bd6 28. Rxb8 Rxb8 29. Nb3 a5 30. g4 fxg3 31. hxg3 a4 32. Nd2 Rb4 33. Ne4 Rxc4
34. Nxd6 cxd6 35. Rxe7 Rc2 36. Ra7 Re2 37. Rxa4 Rxe6 38. Kg2 Re2+ 39. Kh3 Kg7
40. Rd4 1/2-1/2

[Event "Tancat Societat Coral Colon 2010"]
[Site "Sabadell ESP"]
[Date "2010.12.17"]
[Round "4.1"]
[White "Peralta, Fernando"]
[Black "Aloma Vidal, Robert"]
[Result "1-0"]
[WhiteElo "2595"]
[BlackElo "2435"]
[PlyCount "189"]
[EventDate "2010.12.14"]
[EventType "tourn"]
[EventRounds "9"]
[EventCountry "ESP"]
[EventCategory "9"]
[Source "lmi"]
[SourceDate "2010.12.14"]

1. d4 Nf6 2. c4 g6 3. Nc3 Bg7 4. e4 d6 5. Nf3 O-O 6. Be2 e5 7. Be3 Ng4 8. Bg5
f6 9. Bh4 g5 10. Bg3 Nh6 11. c5 Nc6 12. cxd6 cxd6 13. dxe5 dxe5 14. O-O g4 15.
Bc4+ Kh8 16. Qxd8 Rxd8 17. Nh4 Nd4 18. f4 gxf3 19. Nxf3 Ng4 20. Nxd4 exd4 21.
Nd5 Be6 22. Bb3 Ne3 23. Nxe3 Bxb3 24. Nf5 Bc2 25. Bh4 Rf8 26. Nxd4 Bxe4 27. Nf5
Rae8 28. Rae1 Bd3 29. Rf3 Bc2 30. Rxe8 Rxe8 31. Nxg7 Kxg7 32. Bxf6+ Kg6 33. Bc3
Be4 34. Rf6+ Kg5 35. Rf7 h5 36. a3 Bc6 37. Kf2 Re4 38. Rg7+ Kh6 39. h3 Re6 40.
Rg8 Re7 41. g4 hxg4 42. hxg4 Kh7 43. Rh8+ Kg6 44. Kg3 Re3+ 45. Kh4 Re8 46. Rh5
Re2 47. Rg5+ Kh6 48. Bg7+ Kh7 49. Be5 Kh6 50. Rf5 Re4 51. Rf6+ Kh7 52. Bc3 Re7
53. g5 Re4+ 54. Kg3 Kg8 55. Rh6 Kf8 56. g6 Re8 57. g7+ Ke7 58. Rf6 Rg8 59. Rf8
Bd5 60. Rf5 Be6 61. Ra5 a6 62. Bb4+ Kf7 63. Bf8 Rxf8 64. gxf8=Q+ Kxf8 65. Rc5
Ke8 66. Rc7 Bd5 67. Kf4 Kd8 68. Rg7 Kc8 69. Ke5 Bc6 70. Kd6 Kb8 71. Kc5 Ka7 72.
Rc7 Ba4 73. Re7 Bd1 74. Rf7 Bb3 75. Rh7 Bc2 76. Rd7 Ba4 77. Rf7 Bb3 78. Rg7 Bc2
79. Rc7 Bd1 80. Rg7 Bc2 81. Rg4 Bd1 82. Rf4 Bc2 83. Kd6 Kb8 84. Rf8+ Ka7 85.
Kc7 Ba4 86. Rb8 Bc6 87. Rh8 Ba4 88. Rh6 Bd1 89. Rb6 Bf3 90. b4 Be4 91. a4 Bf3
92. b5 axb5 93. axb5 Be4 94. Re6 Bd3 95. Ra6+ 1-0

[Event "Tancat Societat Coral Colon 2010"]
[Site "Sabadell ESP"]
[Date "2010.12.17"]
[Round "4.2"]
[White "Moskalenko, Viktor"]
[Black "Gonzalez Garcia, Jose"]
[Result "0-1"]
[WhiteElo "2587"]
[BlackElo "2521"]
[PlyCount "106"]
[EventDate "2010.12.14"]
[EventType "tourn"]
[EventRounds "9"]
[EventCountry "ESP"]
[EventCategory "9"]
[Source "lmi"]
[SourceDate "2010.12.14"]

1. d4 d5 2. c4 dxc4 3. Nf3 Nf6 4. e3 e6 5. Bxc4 c5 6. O-O a6 7. Bb3 Be7 8. Qe2
cxd4 9. exd4 Nc6 10. Rd1 O-O 11. Nc3 Na5 12. Bc2 b5 13. a4 b4 14. Ne4 Bb7 15.
Nc5 Bxf3 16. Qxf3 Qd5 17. Ne4 Nd7 18. Qd3 Rfc8 19. Be3 b3 20. Bb1 Qc4 21. Bd2
Qxd3 22. Bxd3 Nc4 23. Bc3 Ndb6 24. Bxc4 Rxc4 25. Nd2 Rxa4 26. Nxb3 Rxa1 27.
Rxa1 Nd5 28. Nc5 Nxc3 29. bxc3 a5 30. Kf1 Kf8 31. Ke2 Bxc5 32. dxc5 Ke7 33. Kd3
Kd7 34. Kc4 Kc6 35. Ra2 g5 36. f3 h5 37. g3 a4 38. Kb4 Rb8+ 39. Kc4 Ra8 40. Kb4
e5 41. h3 f5 42. g4 hxg4 43. hxg4 fxg4 44. fxg4 e4 45. Kc4 a3 46. Kd4 Ra4+ 47.
c4 e3 48. Kxe3 Kxc5 49. Kd3 Kb4 50. Kc2 Kxc4 51. Kb1 Kd3 52. Rg2 a2+ 53. Ka1
Ke3 0-1

[Event "Tancat Societat Coral Colon 2010"]
[Site "Sabadell ESP"]
[Date "2010.12.17"]
[Round "4.3"]
[White "Jerez Perez, Alfonso"]
[Black "Vila Gazquez, Xavier"]
[Result "0-1"]
[WhiteElo "2418"]
[BlackElo "2469"]
[PlyCount "74"]
[EventDate "2010.12.14"]
[EventType "tourn"]
[EventRounds "9"]
[EventCountry "ESP"]
[EventCategory "9"]
[Source "lmi"]
[SourceDate "2010.12.14"]

1. d4 Nf6 2. c4 e6 3. Nf3 c5 4. Nc3 cxd4 5. Nxd4 a6 6. g3 Qc7 7. Bg2 Be7 8. O-O
O-O 9. Qd3 Nc6 10. b3 Rd8 11. Bb2 Rb8 12. Rac1 Qa5 13. a3 Qh5 14. h3 d5 15. g4
Qg6 16. Qxg6 hxg6 17. Nxc6 bxc6 18. b4 a5 19. b5 d4 20. Ne4 cxb5 21. c5 Ba6 22.
c6 Rbc8 23. Rfd1 Nxe4 24. Bxe4 f5 25. Bg2 Bf6 26. f4 Kf7 27. g5 Be7 28. Kf2 e5
29. e3 dxe3+ 30. Kxe3 Rxd1 31. Rxd1 e4 32. Rc1 Ke6 33. Bf1 Kd5 34. a4 Bc5+ 35.
Kd2 Kxc6 36. Bd4 Kb6 37. Bxg7 Be3+ 0-1

[Event "Tancat Societat Coral Colon 2010"]
[Site "Sabadell ESP"]
[Date "2010.12.17"]
[Round "4.4"]
[White "Alonso Rosell, Alvar"]
[Black "Mestre Bellido, Hector"]
[Result "1-0"]
[WhiteElo "2491"]
[BlackElo "2397"]
[PlyCount "73"]
[EventDate "2010.12.14"]
[EventType "tourn"]
[EventRounds "9"]
[EventCountry "ESP"]
[EventCategory "9"]
[Source "lmi"]
[SourceDate "2010.12.14"]

1. d4 d5 2. c4 c6 3. Nf3 Nf6 4. Nc3 dxc4 5. a4 Bf5 6. Nh4 Bc8 7. e3 e5 8. Bxc4
exd4 9. exd4 Be7 10. O-O Nd5 11. Nf3 Nxc3 12. bxc3 O-O 13. Re1 Nd7 14. Qe2 Nb6
15. Bb3 Bd6 16. Bg5 Qc7 17. Qe4 Bd7 18. a5 Nc8 19. Bc2 f5 20. Bb3+ Kh8 21. Qh4
c5 22. Ne5 Bxe5 23. dxe5 c4 24. Bxc4 b5 25. Bd5 Bc6 26. c4 Qb7 27. Bxc6 Qxc6
28. cxb5 Qxb5 29. e6 Re8 30. Re3 Kg8 31. Bf6 f4 32. Qxf4 Ne7 33. Bxg7 Qf5 34.
Bh6 Qxf4 35. Bxf4 Ng6 36. Bg5 Rac8 37. f4 1-0

[Event "Tancat Societat Coral Colon 2010"]
[Site "Sabadell ESP"]
[Date "2010.12.17"]
[Round "4.5"]
[White "Gonzalez, Raul Omar"]
[Black "Panelo, Marcelo"]
[Result "1/2-1/2"]
[WhiteElo "2279"]
[BlackElo "2432"]
[PlyCount "82"]
[EventDate "2010.12.14"]
[EventType "tourn"]
[EventRounds "9"]
[EventCountry "ESP"]
[EventCategory "9"]
[Source "lmi"]
[SourceDate "2010.12.14"]

1. d4 d5 2. c4 e6 3. Nc3 Be7 4. Nf3 Nf6 5. Bg5 h6 6. Bh4 O-O 7. e3 Ne4 8. Bxe7
Qxe7 9. cxd5 Nxc3 10. bxc3 exd5 11. Qb3 Rd8 12. c4 Be6 13. cxd5 Bxd5 14. Bc4
Bxf3 15. gxf3 Nc6 16. O-O Na5 17. Qc3 Qg5+ 18. Kh1 Nxc4 19. Qxc4 Qh5 20. Qe2 c5
21. dxc5 Qxc5 22. Rac1 Qf5 23. Rc4 Rac8 24. Rfc1 Rxc4 25. Rxc4 b5 26. Rg4 h5
27. Rg1 Rc8 28. f4 Qe4+ 29. f3 Rc2 30. Qd1 Qc6 31. e4 Qc3 32. e5 Rd2 33. Qf1
Rxa2 34. e6 fxe6 35. Qh3 Qf6 36. Qxh5 Qxf4 37. Qe8+ Qf8 38. Qxe6+ Qf7 39. Qc8+
Kh7 40. Qh3+ Kg8 41. Qc8+ Kh7 1/2-1/2

[Event "Tancat Societat Coral Colon 2010"]
[Site "Sabadell ESP"]
[Date "2010.12.18"]
[Round "5.1"]
[White "Panelo, Marcelo"]
[Black "Peralta, Fernando"]
[Result "1/2-1/2"]
[WhiteElo "2432"]
[BlackElo "2595"]
[PlyCount "62"]
[EventDate "2010.12.14"]
[EventType "tourn"]
[EventRounds "9"]
[EventCountry "ESP"]
[EventCategory "9"]
[Source "lmi"]
[SourceDate "2010.12.14"]

1. d4 d5 2. c4 c6 3. Nf3 Nf6 4. Nc3 dxc4 5. a4 Bf5 6. Nh4 e6 7. Nxf5 exf5 8. e3
Bb4 9. Bxc4 O-O 10. O-O Nbd7 11. Qc2 Nb6 12. Bb3 Qd7 13. a5 Nbd5 14. a6 b6 15.
e4 fxe4 16. Nxe4 Nxe4 17. Qxe4 Rfe8 18. Qf3 Rad8 19. Be3 Be7 20. Rfc1 Bf6 21.
Bxd5 cxd5 22. h3 Rc8 23. Qg4 Qxg4 24. hxg4 h6 25. Kf1 Kf8 26. Ke2 Rxc1 27. Rxc1
Bxd4 28. Rc7 Bxe3 29. fxe3 Re7 30. Rc8+ Re8 31. Rc7 Re7 1/2-1/2

[Event "Tancat Societat Coral Colon 2010"]
[Site "Sabadell ESP"]
[Date "2010.12.18"]
[Round "5.2"]
[White "Mestre Bellido, Hector"]
[Black "Gonzalez, Raul Omar"]
[Result "1-0"]
[WhiteElo "2397"]
[BlackElo "2279"]
[PlyCount "111"]
[EventDate "2010.12.14"]
[EventType "tourn"]
[EventRounds "9"]
[EventCountry "ESP"]
[EventCategory "9"]
[Source "lmi"]
[SourceDate "2010.12.14"]

1. e4 c5 2. Nf3 d6 3. d4 cxd4 4. Nxd4 Nf6 5. Nc3 Bd7 6. g3 Nc6 7. Bg2 g6 8. O-O
Bg7 9. h3 h5 10. Be3 Qc8 11. Kh2 h4 12. g4 Bxg4 13. hxg4 Nxg4+ 14. Kh1 h3 15.
Bf3 Nxe3 16. fxe3 Ne5 17. Qe2 Rb8 18. Rad1 a6 19. Nd5 b5 20. Rf2 Rh7 21. b3 Kf8
22. Rg1 Rh4 23. Rh2 Rb7 24. Qf2 Rh6 25. Qg3 e6 26. Nf4 Qc3 27. Qf2 Ke7 28. Rxh3
Rxh3+ 29. Nxh3 Rb8 30. Qe1 Qc5 31. Qd2 Rh8 32. Kg2 g5 33. Nf2 g4 34. Bxg4 Nxg4
35. Nxg4 Qh5 36. Kf1 Rc8 37. Qh2 Qg5 38. Qe2 Rc3 39. Nf2 Qh6 40. Nd3 Qh3+ 41.
Qg2 Qxe3 42. Qxg7 Qxe4 43. Qg4 Qe3 44. Qg5+ Qxg5 45. Rxg5 e5 46. Nf5+ Kf6 47.
Nxd6 Rxc2 48. Ne4+ Ke7 49. Rxe5+ Kf8 50. a4 bxa4 51. bxa4 Rc4 52. Nec5 a5 53.
Ke2 Kg7 54. Ke3 Kg6 55. Re6+ Kf5 56. Ra6 1-0